Raad het Liedje nr.2 - Statistieken

Algemene statistieken
  • Deze quiz is 188 keer genomen
    125 sinds de laatste reset
  • De gemiddelde score is 83 van 197
Antwoordstatistieken
Antwoord % Correct
ik
98%
Ik
98%
Het
91%
het
91%
De
90%
de
90%
Een
84%
een
84%
is
80%
me
63%
Je
62%
je
62%
zijn
61%
al
59%
lief
59%
Mijn
55%
mijn
55%
niet
54%
van
54%
heb
53%
en
52%
En
52%
op
49%
moet
47%
hart
44%
hart,
44%
kan
44%
te
43%
als
41%
Als
41%
er
41%
Er
41%
wat
40%
Maar
39%
maar
39%
u
38%
hebben
37%
voor
37%
was
37%
aan
36%
weet
36%
Dan
34%
ver
34%
Dit
32%
met
31%
bent
30%
Dus
30%
dus
30%
goed
29%
nog
29%
hout
28%
Ook
28%
steen
28%
wel
28%
houten
24%
doet
23%
echt
23%
zo'n
22%
beste
21%
goud
21%
kon
21%
geen
20%
had
20%
klein
20%
wees
20%
dames
18%
kwaad
18%
laten
18%
alvast
17%
lijkt
17%
pijn
17%
Toen
17%
toen
17%
lopen
16%
iemand
15%
verzwaard
15%
geval
14%
moeite
14%
vinden
14%
zuiver
14%
duur
13%
hardste
13%
rustig
13%
vuur
13%
waard
13%
anderen
11%
hoeft
11%
kopen
11%
stelen
11%
helemaal
10%
wegging
10%
buigt
9%
pas
9%
gekocht
8%
origineel
8%
tweedehands
8%
Bewust
7%
blijft
7%
kans
7%
slot
7%
voorzichtiger
7%
gouden,
6%
gouden
6%
splinters
6%
voordeel
6%
Geen overeenkomende quizzen gevonden
Scoreverdeling
Procent van Mensen met Elke Score
Percentiel versus Aantal Correcte Antwoorden
Uw Scoregeschiedenis
U heeft deze quiz nog niet genomen sinds de laatste reset